000 00471nam a2200181Ia 4500
001 7998
005 20260306160536.0
008 260306t2009||||xx |||||||||||||| ||spa||
041 _aESP
082 _a370
_bM84
100 _aMonarca, Héctor
_eAUT
245 0 _aLos fines en educación:
_bSobre la necesidad de revisar y recuperar el debate teleológico
260 _c2009
300 _a89páginas :
_c
650 _aGEN
654 _aCED
942 _cLIB
_dJUS
_fJUS
_2ddc
_n
999 _c7998
_d7998